1311 1991 1691 1776 1646 1593 1530 1856 1157 1676 1605 1120 1019 1861 1059 1378 1878 1978 1011 1796 1151 1260 1305 1852 1776 1660 1901 1860 1079 1242 1374 1510 1989 1821 1241 1657 1004 1073 1033 1773 1452 1189 1212 1273 1770 1432 1135 1395 1430 1123 1832 1063 1699 1146 1060 1541 1351 1867 1780 1856 1655 1692 1229 1915 1303 1330 1820 1972 1530 1249 1037 1103 1521 1952 1109 1850 1095 1556 1629 1984 1509 1066 1707 1846 1156 1828 1886 1583 1902 1708 1342 1777 1098 1762 1803 1659 1059 1640 1764 BCNSPRNW ULIB Ver.6.0+V

เปลี่ยนเป็นภาษาไทย

Change to English
 แสดงรายละเอียดบรรณานุกรม
  กลับหน้าหลัก

Brief Record : Get Marc (ISO 2709) : E-mail record : QR code < ปิดหน้าต่าง
LEADER : 00000nam 2200000uu 4500
001    13399114707
003     ULIB
008    020711s2553 th a 000 0 tha d
099    ^aวจ.WS113^bว785ก
100    ^aวิสิฏฐ์ศรี เพ็งนุ่ม
245    การศึกษารูปแบบการให้ความรู้ด้านสุขภาพในเด็กวัยก่อนเรียนโรงเรียนอนุบาลประชาราษฎร์ จังหวัดพิษณุโลก /^cวิสิฏฐ์ศรี เพ็งนุ่ม และคณะ
260    ^aพิษณุโลก :^bวิทยาลัยพยาบาลบรมราชชนี พุทธชินราช,^c2554
300    55 หน้า
650  7 เด็กก่อนวัยเรียน^xวิจัย
700 0  จุฑามาศ จันทร์เสงี่ยม
700 0  สาวิตรี ลิ้มกมลทิพย์
700 0  สิริพันธุ์ โฆษิตวรกิจกุล
700 0  สาคร บุญปัญญา
700 0  ศิริพร เอี่ยมสาย
710 1  ^aวิทยาลัยพยาบาลบรมราชชนี พุทธชินราช
945    ^p0^l0^i031721
995    ทศพร
999 ^a ทศพร
รายการนี้ยังไม่มีแท็ก
คุณยังไม่ได้ล็อกอิน คุณสามารถมีกิจกรรมร่วมกับเว็บไซต์ได้ แต่ต้องล็อกอินก่อน ::
  ล็อกอิน

รายการสื่อสารสนเทศ

ลำดับที่ ประเภท เลขเรียก/บาร์โค้ด สถานที่ สถานะ
1. งานวิจัย
งานวิจัย
วจ.WS113 ว785ก ฉ.1 
  Barcode: 031721
ห้องสมุดวิทยาเขตสวรรค์ประชารักษ์
►วิจัย
บนชั้น

BibComment


ยังไม่เคยถูกคอมเมนท์

คอมเมนท์ทรัพยากรรายการนี้
  คอมเมนท์: การศึกษารูปแบบการ..


 Copyright 2026. Bcnsprnw @Library